La dictée de Mr.Latouche - Statistiques

Statistiques générales
  • Ce quiz a été pris 71 fois
  • Le résultat moyen est 3 sur 9
Statistiques - réponses
Dictée % Correct
Quelle belle {cueillette} nous fîmes :
97%
ma foi fort {appétissant}.
40%
quelques {hyménomycètes},
32%
de superbes {coulemelles},
31%
des {géasters} fimbrié,
28%
des {hypholomes},
17%
des {helvelles},
15%
des {polypores} versicoles
15%
et un {hydne imbriqué}
14%
Aucun quiz correspondant
Distribution des résultats
% des personnes avec chaque résultat
Percentile par nombre de réponses
Votre historique - résultats
Vous n’avez pas pris ce quiz